[Event "SV Unser Fritz 1 - SV Kamen 2"]
[Site "Verbandsklasse - Gruppe 2 201"]
[Date "2019.03.10"]
[Round "7.5"]
[White "Bals, Jochen"]
[Black "Goessling, Juergen"]
[Result "0-1"]
[WhiteElo "1856"]
[BlackElo "1723"]
[PlyCount "102"]
[EventDate "2019.??.??"]

1. e4 Nf6 2. e5 Nd5 3. c4 Nb6 4. d4 d6 5. exd6 exd6 6. Nc3 Nc6 7. d5 Ne5 8. f4
Ng6 9. Nf3 Be7 10. Bd3 Bg4 11. g3 Bh3 12. Qc2 O-O 13. Be3 Bf6 14. Ne4 Re8 15.
Kf2 Bg4 16. h3 Bxf3 17. Kxf3 c6 18. Qb3 c5 19. Qc2 Bd4 20. Bxd4 cxd4 21. Qf2 f5
22. Qxd4 fxe4+ 23. Bxe4 Nd7 24. Rhe1 Qa5 25. a3 Nf6 26. b4 Qa4 27. Bxg6 hxg6
28. Re6 Qb3+ 29. Kg2 Nh5 30. Qf2 Qxc4 31. Rae1 Qxd5+ 32. Qf3 Qxf3+ 33. Kxf3
Rxe6 34. Rxe6 Rd8 35. Re7 d5 36. Rxb7 d4 37. Rc7 d3 38. Rc1 d2 39. Rd1 Kf7 40.
g4 Nf6 41. b5 Rd6 42. g5 Nh5 43. a4 Ke7 44. a5 Kd7 45. b6 axb6 46. axb6 Kc6 47.
b7 Kxb7 48. Ke3 Ng3 49. Kf3 Nf5 50. Ke2 Ng3+ 51. Kf2 Rd3 0-1

[Event "SV Unser Fritz 1 - SV Kamen 2"]
[Site "Verbandsklasse - Gruppe 2 201"]
[Date "2019.03.10"]
[Round "7.6"]
[White "Tober, Julian"]
[Black "Rotter, Chris"]
[Result "1/2-1/2"]
[WhiteElo "1732"]
[BlackElo "1711"]
[PlyCount "81"]
[EventDate "2019.??.??"]

1. e4 e6 2. d4 d5 3. Nc3 Nf6 4. Bg5 dxe4 5. Nxe4 Nbd7 6. Nf3 h6 7. Bh4 Be7 8.
Nxf6+ Nxf6 9. Be2 b6 10. c3 O-O 11. O-O Bb7 12. Ne5 Rc8 13. Bf3 Bxf3 14. Qxf3
c5 15. Nc6 Qc7 16. Nxe7+ Qxe7 17. Rad1 Rfd8 18. dxc5 Rxc5 19. Bxf6 gxf6 20.
Rxd8+ Qxd8 21. Rd1 Qe7 22. Qa8+ Kg7 23. Rd8 Qxd8 24. Qxd8 Rd5 25. Qxd5 exd5 26.
f3 f5 27. f4 Kf6 28. Kf2 Ke6 29. Ke3 a6 30. a4 Kd6 31. Kd4 h5 32. g3 f6 33. b4
Kc6 34. c4 dxc4 35. Kxc4 Kd6 36. b5 a5 37. Kd4 Ke6 38. Kc4 Kd6 39. Kd4 Ke6 40.
h3 Kd6 41. Kc4 1/2-1/2

[Event "SV Unser Fritz 1 - SV Kamen 2"]
[Site "Verbandsklasse - Gruppe 2 201"]
[Date "2019.03.10"]
[Round "7.7"]
[White "Markert, Dirk"]
[Black "Prang, Andreas"]
[Result "1-0"]
[WhiteElo "1853"]
[BlackElo "1784"]
[PlyCount "83"]
[EventDate "2019.??.??"]

1. e4 c5 2. Nc3 e6 3. g3 Nc6 4. Bg2 g6 5. d3 Bg7 6. Be3 d6 7. Qd2 Nd4 8. Nce2
Rb8 9. c3 Nxe2 10. Nxe2 Bd7 11. O-O b5 12. f4 Ne7 13. d4 c4 14. d5 exd5 15.
exd5 a5 16. Bd4 f6 17. Rae1 O-O 18. Bf2 Nf5 19. g4 Ne7 20. h3 Qc7 21. Nd4 Rfe8
22. Re2 b4 23. Rfe1 Kf8 24. Re3 Bh6 25. g5 Bg7 26. gxf6 Bxf6 27. Ne6+ Bxe6 28.
Rxe6 Bg7 29. Bd4 Bxd4+ 30. Qxd4 Qb6 31. Qxb6 Rxb6 32. Bf1 Rb5 33. Bxc4 Rc5 34.
Bb3 bxc3 35. bxc3 Rc7 36. Rxd6 Rb8 37. Ra6 Rxc3 38. d6 Nf5 39. d7 Nd4 40. Rf6+
Kg7 41. Rf7+ Kh6 42. Re8 1-0

[Event "SV Unser Fritz 1 - SV Kamen 2"]
[Site "Verbandsklasse - Gruppe 2 201"]
[Date "2019.03.10"]
[Round "7.8"]
[White "Nowicki, Heiko"]
[Black "Wiese, Thomas"]
[Result "0-1"]
[WhiteElo "1816"]
[BlackElo "1814"]
[Annotator "Daniel"]
[PlyCount "79"]
[EventDate "2019.??.??"]

1. e4 c5 2. Nf3 Nc6 3. d3 g6 4. Nbd2 Bg7 5. g3 e6 6. Bg2 Nge7 7. O-O O-O 8. Re1
d6 9. a4 b6 10. Nc4 e5 11. c3 h6 12. Ne3 Be6 13. Nh4 d5 14. Qf3 d4 15. Nd5 f5
16. Nxe7+ Nxe7 17. exf5 Bd5 18. Qg4 gxf5 19. Bxd5+ Qxd5 20. Qh5 Qf7 21. Qe2
dxc3 22. bxc3 Nd5 23. Bd2 Rad8 24. Ra3 f4 25. g4 Ne7 26. Qe4 Qf6 27. Nf3 Ng6
28. Kg2 Nh4+ 29. Nxh4 Qxh4 30. Qf3 Rd6 31. Re4 Rg6 32. h3 h5 33. Kf1 hxg4 34.
hxg4 Rxg4 35. d4 cxd4 36. cxd4 exd4 37. Ke2 Rg1 38. Bb4 Rc8 39. Qb3+ Kh8 40.
Qe6 {ZAo} 0-1

[Event "Ro Steele/Kray 1 - Marten-Bövinghausen1"]
[Site "Verbandsklasse - Gruppe 2 201"]
[Date "2019.03.10"]
[Round "7.1"]
[White "Breidenbach, Olaf"]
[Black "Happe, Ulrich"]
[Result "0-1"]
[WhiteElo "1961"]
[BlackElo "2091"]
[PlyCount "72"]
[EventDate "2019.??.??"]

1. d4 Nf6 2. c4 g6 3. Nf3 Bg7 4. Nc3 d5 5. Qb3 dxc4 6. Qxc4 O-O 7. e4 Na6 8.
Be2 c5 9. dxc5 Be6 10. Qb5 Bd7 11. Qc4 Rc8 12. O-O Nxc5 13. Qb4 a5 14. Qa3
Nfxe4 15. Nxe4 Nxe4 16. Be3 b5 17. Rad1 b4 18. Qd3 Nd6 19. b3 Rc3 20. Qa6 Rc6
21. Qd3 Qc7 22. Bf4 Bf5 23. Qe3 Rc3 24. Bxd6 exd6 25. Qf4 Be5 26. Qh6 Bg7 27.
Qf4 Rd8 28. Nd4 Bxd4 29. Rxd4 Qe7 30. Bc4 Kg7 31. h3 Be6 32. Rfd1 Bxc4 33. Rxc4
Rxc4 34. Qxc4 Qe5 35. Qh4 Rc8 36. Qg4 Rc2 0-1

[Event "Ro Steele/Kray 1 - Marten-Bövinghausen1"]
[Site "Verbandsklasse - Gruppe 2 201"]
[Date "2019.03.10"]
[Round "7.2"]
[White "Landau, Christian"]
[Black "GroÃŸe-Venhaus, Philipp"]
[Result "1/2-1/2"]
[WhiteElo "2048"]
[BlackElo "1793"]
[PlyCount "32"]
[EventDate "2019.??.??"]

1. Nf3 d5 2. g3 Nf6 3. Bg2 g6 4. O-O Bg7 5. d4 O-O 6. c4 c6 7. cxd5 cxd5 8. Nc3
e6 9. Ne5 Nfd7 10. f4 f5 11. b3 Re8 12. Kh1 Nf6 13. Be3 Bd7 14. Qd2 Bc6 15.
Rac1 Bf8 16. Nb1 Qb6 1/2-1/2

[Event "Ro Steele/Kray 1 - Marten-Bövinghausen1"]
[Site "Verbandsklasse - Gruppe 2 201"]
[Date "2019.03.10"]
[Round "7.3"]
[White "Gielisch, Eckhart"]
[Black "Kirsch, Paul"]
[Result "0-1"]
[WhiteElo "1795"]
[BlackElo "1929"]
[PlyCount "134"]
[EventDate "2019.??.??"]

1. d4 e6 2. Nf3 d5 3. c4 Nf6 4. Nc3 c6 5. Bg5 Be7 6. e3 Nbd7 7. Bd3 dxc4 8.
Bxc4 Nd5 9. Bxe7 Qxe7 10. O-O Nxc3 11. bxc3 e5 12. Qc2 e4 13. Nd2 Nf6 14. f3
exf3 15. Rxf3 O-O 16. e4 Bg4 17. Rf4 Bh5 18. e5 Nd5 19. Rf2 Ne3 20. Qd3 Nxc4
21. Nxc4 b5 22. Nd6 Bg6 23. Qf3 c5 24. Nxb5 cxd4 25. cxd4 Qb4 26. Qb3 Qe7 27.
Nd6 Rab8 28. Qc3 Rb1+ 29. Rxb1 Bxb1 30. Rb2 Bg6 31. Rb7 Qe6 32. a3 a6 33. Qb2
h6 34. h3 Qd5 35. Ra7 Bd3 36. Qc3 Bb5 37. Nf5 Qa2 38. Qg3 Qb1+ 39. Kh2 Qxf5 40.
d5 Qg5 41. Qc3 Qf4+ 42. Kh1 Qf1+ 43. Kh2 Qf2 44. Re7 Bf1 45. Qg3 Qxg3+ 46. Kxg3
Rd8 47. d6 Bb5 48. Kf4 Rd7 49. Re8+ Kh7 50. Rb8 g6 51. g3 Kg7 52. Rb6 Ra7 53.
Ke4 Bd7 54. h4 Be6 55. Kd4 f6 56. Rc6 fxe5+ 57. Kxe5 Kf7 58. Rc3 h5 59. Rf3+
Bf5 60. Kd5 Ke8 61. Re3+ Kd8 62. Kc6 Bd7+ 63. Kb6 Ra8 64. Rf3 Bf5 65. Re3 Kd7
66. Kc5 Be6 67. Rd3 Rc8+ 0-1

[Event "Ro Steele/Kray 1 - Marten-Bövinghausen1"]
[Site "Verbandsklasse - Gruppe 2 201"]
[Date "2019.03.10"]
[Round "7.4"]
[White "Laarmann, Gerd"]
[Black "Boxberg, Marc"]
[Result "1-0"]
[WhiteElo "1799"]
[BlackElo "1735"]
[PlyCount "45"]
[EventDate "2019.??.??"]

1. d4 Nf6 2. Nf3 g6 3. c4 c5 4. Nc3 cxd4 5. Nxd4 Bg7 6. g3 Nc6 7. Nc2 O-O 8.
Bg2 d6 9. O-O Be6 10. b3 Ne4 11. Nxe4 Bxa1 12. Nxa1 Qd7 13. Ng5 Bf5 14. e4 Bg4
15. f3 Be6 16. Be3 Qc8 17. Nxe6 Qxe6 18. Nc2 b6 19. Nd4 Qd7 20. Nxc6 Qxc6 21.
Qd4 Qc5 22. Qc3 Qa3 23. Bh6 1-0

[Event "Ro Steele/Kray 1 - Marten-Bövinghausen1"]
[Site "Verbandsklasse - Gruppe 2 201"]
[Date "2019.03.10"]
[Round "7.5"]
[White "Schulte, Eduard"]
[Black "Greger, Helmut"]
[Result "0-1"]
[WhiteElo "1740"]
[BlackElo "1915"]
[PlyCount "100"]
[EventDate "2019.??.??"]

1. b3 Nf6 2. Bb2 d6 3. e3 Nbd7 4. f4 g6 5. Nc3 Bg7 6. Nd5 O-O 7. Nxf6+ Nxf6 8.
Nf3 c6 9. Be2 Qc7 10. Qc1 Re8 11. d3 e5 12. fxe5 dxe5 13. e4 Qb6 14. h3 Nh5 15.
g4 Nf4 16. Bf1 Ne6 17. Qd2 Nd4 18. Bg2 Bd7 19. Bxd4 exd4 20. O-O Qc7 21. Qf2 c5
22. a4 Re7 23. Qh4 Rae8 24. Ng5 h6 25. Nf3 Bc6 26. Qf2 Qf4 27. Nd2 Qc7 28. Qf4
Qxf4 29. Rxf4 h5 30. Nc4 Bh6 31. Rf3 hxg4 32. hxg4 Rd8 33. Bh3 Bg5 34. Re1 b6
35. Re2 Kg7 36. Kg2 f6 37. Kg1 Rh8 38. Nd2 Rh4 39. Nf1 Bd7 40. Nh2 Re8 41. Kg2
Reh8 42. Ref2 f5 43. gxf5 Be8 44. Rf1 gxf5 45. exf5 Bc6 46. f6+ Kf8 47. Ng4
Rxh3 48. Ne5 Rxf3 49. Ng6+ Kg8 50. Rxf3 Bxf3+ 0-1

[Event "Ro Steele/Kray 1 - Marten-Bövinghausen1"]
[Site "Verbandsklasse - Gruppe 2 201"]
[Date "2019.03.10"]
[Round "7.6"]
[White "Borger, Alexander"]
[Black "Davydov, Boris"]
[Result "1/2-1/2"]
[WhiteElo "1886"]
[BlackElo "1710"]
[PlyCount "33"]
[EventDate "2019.??.??"]

1. d4 Nf6 2. Nf3 g6 3. c4 Bg7 4. Nc3 d5 5. e3 O-O 6. cxd5 Nxd5 7. Bc4 Nxc3 8.
bxc3 c5 9. O-O Nc6 10. Ba3 cxd4 11. cxd4 Bg4 12. Be2 Rc8 13. h3 Bd7 14. Rb1 b6
15. Ba6 Rb8 16. Qe2 Re8 17. Rfd1 1/2-1/2

[Event "Ro Steele/Kray 1 - Marten-Bövinghausen1"]
[Site "Verbandsklasse - Gruppe 2 201"]
[Date "2019.03.10"]
[Round "7.7"]
[White "Gielisch, Ulrich"]
[Black "Schmitz, Juergen"]
[Result "0-1"]
[WhiteElo "1661"]
[BlackElo "1864"]
[PlyCount "70"]
[EventDate "2019.??.??"]

1. d4 f5 2. c4 Nf6 3. Nc3 g6 4. Nf3 Bg7 5. g3 d6 6. Bg2 O-O 7. O-O c6 8. e3 Na6
9. b3 Rb8 10. Bb2 Ne4 11. a3 Qe8 12. Nd2 Nxc3 13. Bxc3 c5 14. Qc2 e5 15. dxe5
dxe5 16. Qb2 Qe7 17. Bd5+ Kh8 18. Nf3 Re8 19. h4 Nc7 20. Rad1 b5 21. b4 Bb7 22.
bxc5 Ba8 23. Qa1 bxc4 24. Bxa8 Rxa8 25. c6 Nb5 26. Rd7 Qc5 27. Rxg7 Nxc3 28.
Qxc3 Kxg7 29. Rc1 Qd5 30. Nd2 Qxc6 31. Nxc4 Rac8 32. Qa5 Qc5 33. Qa6 Rc6 34.
Qb7+ Rc7 35. Qb2 Qd5 0-1

[Event "Ro Steele/Kray 1 - Marten-Bövinghausen1"]
[Site "Verbandsklasse - Gruppe 2 201"]
[Date "2019.03.10"]
[Round "7.8"]
[White "Tschendel, Roland"]
[Black "Ahlich, Mike"]
[Result "1-0"]
[WhiteElo "1958"]
[BlackElo "1721"]
[PlyCount "41"]
[EventDate "2019.??.??"]

1. d4 d5 2. c4 e6 3. Nc3 Nf6 4. Bg5 Be7 5. cxd5 Nxd5 6. Bxe7 Nxe7 7. Nf3 O-O 8.
e3 Nd7 9. Bc4 Nb6 10. Bb3 Nbd5 11. Rc1 b6 12. O-O Ba6 13. Re1 Rc8 14. Nxd5 Nxd5
15. Ne5 c5 16. dxc5 bxc5 17. Bxd5 exd5 18. Qa4 Qe7 19. Nd7 Rfd8 20. Nxc5 Rxc5
21. Rxc5 1-0

[Event "SC Buer-Hassel 1 - FS Dortmund 1"]
[Site "Verbandsklasse - Gruppe 2 201"]
[Date "2019.03.10"]
[Round "7.1"]
[White "Hein, Erwin"]
[Black "Griebl, Joern"]
[Result "0-1"]
[WhiteElo "2001"]
[BlackElo "2153"]
[Annotator "Daniel"]
[PlyCount "105"]
[EventDate "2019.??.??"]

1. d4 Nf6 2. c4 g6 3. Nf3 Bg7 4. g3 O-O 5. Bg2 d5 6. cxd5 Nxd5 7. O-O Nc6 8.
Nc3 Nxc3 9. bxc3 e5 10. d5 Na5 11. e4 c6 12. Ba3 Re8 13. dxc6 Nxc6 14. Qa4 Qa5
15. Qxa5 Nxa5 16. Rfd1 b6 17. Bb4 Nc6 18. Bd6 Bb7 19. Nd2 Bc8 20. Nc4 Be6 21.
Ne3 Rac8 22. Bf1 Na5 23. Bb5 Red8 24. Bb4 Rxd1+ 25. Rxd1 Bxa2 26. Rd7 Ra8 27.
Nd5 Bc4 28. Ne7+ Kh8 29. Bc6 Nxc6 30. Nxc6 a5 31. Bd6 a4 32. Ba3 h5 33. Rb7 b5
34. Na7 Kg8 35. Nxb5 Bf8 36. Bxf8 Kxf8 37. Na3 Bb3 38. Rb5 Rc8 39. Rxe5 Rxc3
40. Ra5 Bd1 41. Nb5 Rc5 42. Ra8+ Kg7 43. Nd4 Rc1 44. Kg2 Rc4 45. Rd8 Bg4 46. f3
Bc8 47. Nb5 Rc2+ 48. Kg1 Bh3 49. Rd1 Rg2+ 50. Kh1 Rb2 51. Nc3 a3 52. Ra1 Rc2
53. Nd5 {Rest nicht nachvollziehbar!} 0-1

[Event "SC Buer-Hassel 1 - FS Dortmund 1"]
[Site "Verbandsklasse - Gruppe 2 201"]
[Date "2019.03.10"]
[Round "7.2"]
[White "Wolff, Christoph"]
[Black "Khess, Igor"]
[Result "1/2-1/2"]
[WhiteElo "1955"]
[BlackElo "1963"]
[Annotator "Daniel"]
[PlyCount "118"]
[EventDate "2019.??.??"]

1. e4 e5 2. Nc3 Nc6 3. g3 Nf6 4. Bg2 g6 5. Nge2 Bg7 6. O-O d6 7. h3 Be6 8. d4
Nxd4 9. Nxd4 exd4 10. Qxd4 Qc8 11. Nd5 Nh5 12. Qa4+ c6 13. Nf4 Nxf4 14. Bxf4
O-O 15. Bxd6 Rd8 16. e5 Bxh3 17. Qh4 Bxg2 18. Kxg2 Bf8 19. Bxf8 Rxf8 20. Qh6 f6
21. Rh1 Qc7 22. e6 Rae8 23. Rhe1 Re7 24. Rad1 Rfe8 25. Qh3 f5 26. Qh4 c5 27.
Qc4 Qc6+ 28. Kh2 b6 29. Re3 Rxe6 30. Rd8 Rxd8 31. Rxe6 Qd5 32. Qe2 Rf8 33. Re5
Qf7 34. Re7 Qf6 35. Rxa7 f4 36. Qc4+ Kh8 37. Qxf4 Qxf4 38. gxf4 Rxf4 39. Kg3
Rf6 40. Rb7 Kg8 $11 41. f4 h5 42. a4 Kf8 43. Kf3 g5 44. Ke3 gxf4+ 45. Kf3 Kg8
46. Re7 h4 47. Re2 Kf7 48. Rh2 Rh6 49. Kxf4 Ke6 50. Ke4 h3 51. b3 Rh4+ 52. Ke3
Kf5 53. Kf3 Rh6 54. c3 Ke5 55. Re2+ Kd5 56. Kg3 h2 57. Rxh2 Rxh2 58. Kxh2 Ke4
59. b4 cxb4 1/2-1/2

[Event "SC Buer-Hassel 1 - FS Dortmund 1"]
[Site "Verbandsklasse - Gruppe 2 201"]
[Date "2019.03.10"]
[Round "7.3"]
[White "Brendemuehl, Bernd"]
[Black "Wiechen, Ulrich"]
[Result "1-0"]
[WhiteElo "1889"]
[BlackElo "1919"]
[PlyCount "69"]
[EventDate "2019.??.??"]

1. e4 e5 2. Nf3 Nc6 3. Bb5 a6 4. Ba4 d6 5. O-O Bg4 6. c3 Qf6 7. d3 Bxf3 8. Qxf3
Qxf3 9. gxf3 Nge7 10. f4 Ng6 11. f5 Nh4 12. Bxc6+ bxc6 13. f4 f6 14. d4 g5 15.
fxe5 dxe5 16. Be3 O-O-O 17. Nd2 c5 18. dxe5 fxe5 19. Nc4 Rd3 20. Rfd1 Rxd1+ 21.
Rxd1 Nf3+ 22. Kf2 g4 23. h3 h5 24. Rh1 Rg8 25. hxg4 hxg4 26. Kg3 Kd8 27. f6 Rg6
28. Rh8 Rxf6 29. Bxc5 Ng5 30. Rxf8+ Rxf8 31. Bxf8 Nxe4+ 32. Kxg4 Nf2+ 33. Kf5
e4 34. Bh6 Kd7 35. Be3 1-0

[Event "SC Buer-Hassel 1 - FS Dortmund 1"]
[Site "Verbandsklasse - Gruppe 2 201"]
[Date "2019.03.10"]
[Round "7.4"]
[White "Hirschberg, Markus"]
[Black "Lauche, Christoph"]
[Result "1-0"]
[WhiteElo "1796"]
[BlackElo "1795"]
[PlyCount "113"]
[EventDate "2019.??.??"]

1. e4 d6 2. d4 Nf6 3. Nc3 Nbd7 4. f4 e5 5. dxe5 dxe5 6. fxe5 Nxe5 7. Qxd8+ Kxd8
8. Bg5 c6 9. O-O-O+ Kc7 10. Bf4 Bd6 11. h3 Re8 12. Nf3 Nd3+ 13. Bxd3 Bxf4+ 14.
Kb1 Bd7 15. Rhe1 Be5 16. Na4 b6 17. c4 Rad8 18. Kc2 Nh5 19. Nxe5 Rxe5 20. Rf1
Nf6 21. Nc3 Rde8 22. Rf4 Be6 23. Be2 Nd7 24. g4 Nf8 25. b4 Ng6 26. Rf2 f6 27.
Rd2 Bg8 28. Bd3 h6 29. b5 Ne7 30. a4 c5 31. Nd5+ Bxd5 32. exd5 Nc8 33. Bf5 Nd6
34. Bg6 R8e7 35. Kc3 Kd7 36. Rf3 Ne4+ 37. Bxe4 Rxe4 38. Rf1 Kd6 39. a5 Re3+ 40.
Rd3 Re2 41. axb6 axb6 42. Ra1 Rf2 43. Ra6 Ree2 44. Rxb6+ Kd7 45. Rc6 Rc2+ 46.
Kb3 Rb2+ 47. Ka4 Rb4+ 48. Ka5 Rxc4 49. Kb6 Rd4 50. Ra3 Rxd5 51. Ra7+ Ke8 52.
Rxg7 Kf8 53. Rh7 Kg8 54. Rxh6 Kg7 55. Rh4 Re2 56. Rc7+ Kg6 57. Rhh7 1-0

[Event "SC Buer-Hassel 1 - FS Dortmund 1"]
[Site "Verbandsklasse - Gruppe 2 201"]
[Date "2019.03.10"]
[Round "7.5"]
[White "Grube, Joerg"]
[Black "Althoff, Christoph"]
[Result "1-0"]
[WhiteElo "1819"]
[BlackElo "1924"]
[PlyCount "55"]
[EventDate "2019.??.??"]

1. e4 d6 2. d4 Nf6 3. Nc3 Nbd7 4. Nf3 e5 5. Bc4 Be7 6. O-O c6 7. a4 b6 8. Re1
O-O 9. b3 Qc7 10. Bb2 Bb7 11. Bd3 a6 12. Ne2 Nxe4 13. Bxe4 f5 14. Bxf5 Rxf5 15.
Ng3 Rff8 16. dxe5 c5 17. exd6 Bxd6 18. Ng5 Bxg3 19. hxg3 Qc6 20. f3 Rae8 21.
Qd3 g6 22. Qc3 Nf6 23. Rxe8 Qxe8 24. Re1 Qb8 25. Re6 Qxg3 26. Rxf6 Qxg5 27. Re6
Rxf3 28. Qg7# 1-0

[Event "SC Buer-Hassel 1 - FS Dortmund 1"]
[Site "Verbandsklasse - Gruppe 2 201"]
[Date "2019.03.10"]
[Round "7.6"]
[White "Strohmann, Andreas"]
[Black "Jost, Udo"]
[Result "1/2-1/2"]
[WhiteElo "1838"]
[BlackElo "1757"]
[PlyCount "62"]
[EventDate "2019.??.??"]

1. e4 c5 2. d4 cxd4 3. c3 d3 4. Bxd3 Qc7 5. c4 e6 6. Nf3 Nc6 7. O-O Nf6 8. h3
a6 9. Nc3 h5 10. Qe2 Ng4 11. Nd5 exd5 12. exd5+ Ne7 13. hxg4 hxg4 14. Ne5 d6
15. Nxg4 Bd7 16. Bf4 O-O-O 17. Ne3 Kb8 18. c5 Nc8 19. Rfc1 Re8 20. cxd6 Qd8 21.
Bg3 Bxd6 22. Qf3 Ka7 23. Bf5 Bxg3 24. Qxg3 Bxf5 25. Nxf5 Qxd5 26. Rxc8 Rxc8 27.
Ne7 Qd4 28. Nxc8+ Rxc8 29. Qb3 Rc7 30. Rd1 Qc5 31. Qg3 g6 1/2-1/2

[Event "SC Buer-Hassel 1 - FS Dortmund 1"]
[Site "Verbandsklasse - Gruppe 2 201"]
[Date "2019.03.10"]
[Round "7.7"]
[White "Potyrala, Lukasz-Rafal"]
[Black "Lazarev, Vadim"]
[Result "1/2-1/2"]
[WhiteElo "1613"]
[BlackElo "1758"]
[PlyCount "33"]
[EventDate "2019.??.??"]

1. e3 Nf6 2. Nf3 g6 3. b3 Bg7 4. Bb2 d5 5. a4 O-O 6. Be2 Nbd7 7. d4 c5 8. O-O
Ne4 9. Nbd2 Ndf6 10. Nxe4 Nxe4 11. Nd2 Bf5 12. Nxe4 Bxe4 13. Bd3 Bxd3 14. Qxd3
Rc8 15. c3 Qb6 16. Qb5 Qc6 17. Rfc1 1/2-1/2

[Event "SC Buer-Hassel 1 - FS Dortmund 1"]
[Site "Verbandsklasse - Gruppe 2 201"]
[Date "2019.03.10"]
[Round "7.8"]
[White "Wingerning, Gerd"]
[Black "Schulz-Runge, Michael"]
[Result "0-1"]
[WhiteElo "1778"]
[BlackElo "1689"]
[PlyCount "86"]
[EventDate "2019.??.??"]

1. e4 c5 2. c3 Nf6 3. e5 Ng8 4. Nf3 Nc6 5. d4 cxd4 6. cxd4 d5 7. Nc3 e6 8. a3
Nge7 9. Bg5 Qd7 10. Bd3 h6 11. Be3 a6 12. Na4 Qd8 13. b4 Na7 14. Nc5 Nec6 15.
Rc1 Be7 16. O-O O-O 17. Qd2 h5 18. Bb1 Nb5 19. Qd3 g6 20. Bd2 Kg7 21. a4 Nc7
22. Qe3 Rh8 23. Qf4 b6 24. Nxa6 Bxa6 25. b5 Nxb5 26. axb5 Bxb5 27. Rfe1 Nb4 28.
Rc3 Bc4 29. h4 b5 30. Qg3 Na2 31. Rc2 b4 32. Ng5 Qe8 33. Bf4 Ra3 34. Re3 Nc3
35. Rb2 Nd1 36. Rxa3 bxa3 37. Rc2 Nb2 38. Rxb2 axb2 39. Qc3 Qb5 40. Bd2 Ra8 41.
Qc2 Bxg5 42. hxg5 Ra1 43. Bc3 Bd3 0-1

[Event "SW Oberhausen 1 - SC Gerthe - Werne 1"]
[Site "Verbandsklasse - Gruppe 2 201"]
[Date "2019.03.10"]
[Round "7.1"]
[White "Quast, Marcel"]
[Black "Puetter, Pascal"]
[Result "1-0"]
[WhiteElo "2242"]
[BlackElo "1965"]
[PlyCount "53"]
[EventDate "2019.??.??"]

1. e4 c5 2. d3 Nc6 3. g3 g6 4. Bg2 Bg7 5. Nd2 e6 6. Ngf3 Nge7 7. O-O O-O 8. Re1
d6 9. Nf1 Rb8 10. a4 a6 11. h4 b5 12. axb5 axb5 13. h5 Bd7 14. N1h2 Qc7 15. Ng4
f5 16. exf5 Nxf5 17. hxg6 hxg6 18. Ng5 Rbe8 19. c3 Kh8 20. Be4 Nce7 21. Qf3 Ng8
22. Qh1+ Nfh6 23. Bxg6 Re7 24. Ne4 d5 25. Nxh6 Nxh6 26. Bxh6 Kg8 27. Bg5 1-0

[Event "SW Oberhausen 1 - SC Gerthe - Werne 1"]
[Site "Verbandsklasse - Gruppe 2 201"]
[Date "2019.03.10"]
[Round "7.2"]
[White "Hortolani, Sven-Holger"]
[Black "BrueggestraÃŸ, Volker"]
[Result "1-0"]
[WhiteElo "2039"]
[BlackElo "2017"]
[PlyCount "85"]
[EventDate "2019.??.??"]

1. Nf3 Nf6 2. g3 g6 3. b3 Bg7 4. Bb2 O-O 5. Bg2 d5 6. O-O c5 7. c4 d4 8. b4 Re8
9. bxc5 Ne4 10. d3 Nxc5 11. Ba3 Nba6 12. Nfd2 e5 13. Ne4 Nxe4 14. Bxe4 Qc7 15.
Nd2 Bd7 16. Rb1 Bc6 17. Qb3 Rab8 18. Bxc6 Qxc6 19. Ne4 Bf8 20. Bxf8 Rxf8 21.
Qb5 f5 22. Ng5 Nc5 23. Rb4 Qd6 24. Qa5 h6 25. Nf3 e4 26. Ne1 b6 27. Qxa7 Nxd3
28. Nxd3 exd3 29. Rb2 Rf7 30. Qa4 dxe2 31. Rxe2 f4 32. Rfe1 fxg3 33. hxg3 Kg7
34. Re6 Qc5 35. R1e5 Qf8 36. Qc2 Rf6 37. Qe4 Rd8 38. Re7+ Rf7 39. R5e6 Rxe7 40.
Rxe7+ Kh8 41. Qe5+ Kg8 42. Rb7 d3 43. Qe6+ 1-0

[Event "SW Oberhausen 1 - SC Gerthe - Werne 1"]
[Site "Verbandsklasse - Gruppe 2 201"]
[Date "2019.03.10"]
[Round "7.3"]
[White "Gottmann, Bernd"]
[Black "Schwerdtfeger, Joachim"]
[Result "1/2-1/2"]
[WhiteElo "1952"]
[BlackElo "1896"]
[PlyCount "130"]
[EventDate "2019.??.??"]

1. d4 d5 2. c4 e6 3. Nc3 Nf6 4. cxd5 exd5 5. Bg5 Be7 6. e3 h6 7. Bh4 c6 8. Bd3
O-O 9. Qc2 Re8 10. Nf3 Ne4 11. Bxe7 Qxe7 12. O-O Nd7 13. b4 Qxb4 14. Nxe4 dxe4
15. Bxe4 Qe7 16. Bd3 c5 17. Rfc1 cxd4 18. exd4 Nf6 19. Ne5 Be6 20. Qa4 Red8 21.
Re1 Qd6 22. Rad1 Ng4 23. Be4 Rab8 24. Bf3 Nf6 25. Qxa7 Bd5 26. Bxd5 Qxd5 27.
Rd2 Ra8 28. Qb6 Ne4 29. Rb2 Qxd4 30. Qxd4 Rxd4 31. Nf3 Rda4 32. Rxb7 Nd6 33.
Rd7 R4a6 34. g3 Re8 35. Rxe8+ Nxe8 36. Rd2 Nf6 37. Rd8+ Kh7 38. Rd2 Ne4 39. Rc2
Ra3 40. Ne5 f6 41. Nc4 Ra4 42. f3 Ng5 43. Kf2 Kg6 44. Ke3 h5 45. f4 Nf7 46. Kd3
Kf5 47. Kc3 Kg4 48. Kb3 Ra7 49. a4 h4 50. Rc3 Nd8 51. Ne3+ Kh3 52. Nf5 hxg3 53.
Rxg3+ Kxh2 54. Rxg7 Ra5 55. Nd4 Rd5 56. Nf3+ Kh3 57. Kc4 Ra5 58. Kb4 Nc6+ 59.
Kb3 Rd5 60. Ng1+ Kh2 61. Ne2 Rd2 62. Nc3 Rd4 63. Ne2 Rd2 64. Nc3 Rd4 65. f5 Rf4
1/2-1/2

[Event "SW Oberhausen 1 - SC Gerthe - Werne 1"]
[Site "Verbandsklasse - Gruppe 2 201"]
[Date "2019.03.10"]
[Round "7.4"]
[White "Kuckelkorn, Joerg"]
[Black "Berens, Thomas"]
[Result "1-0"]
[WhiteElo "1887"]
[BlackElo "1836"]
[PlyCount "85"]
[EventDate "2019.??.??"]

1. f4 f5 2. Nf3 Nf6 3. g3 b6 4. Bg2 Bb7 5. d3 e6 6. O-O Be7 7. Nc3 O-O 8. a4 a6
9. Re1 d5 10. e3 c5 11. Ng5 Qd7 12. e4 h6 13. Nh3 Nc6 14. e5 Ne8 15. Nb1 Nc7
16. c3 b5 17. Be3 Rfb8 18. Bf2 d4 19. Na3 dxc3 20. bxc3 Rd8 21. d4 cxd4 22.
cxd4 Bxa3 23. Rxa3 b4 24. Ra1 a5 25. g4 Qf7 26. g5 Nd5 27. Bf3 Nce7 28. gxh6
Nc3 29. Qd3 Bxf3 30. Qxf3 gxh6 31. Kh1 Kh7 32. Rg1 Rg8 33. Bh4 Ned5 34. Ng5+
hxg5 35. Bxg5 Rg7 36. Qh3+ Kg8 37. Bh6 Rg4 38. Rxg4+ fxg4 39. Rg1 Kh8 40. Rxg4
Qf5 41. Bg7+ Kg8 42. Bf6+ Kf7 43. Rg7+ 1-0

[Event "SW Oberhausen 1 - SC Gerthe - Werne 1"]
[Site "Verbandsklasse - Gruppe 2 201"]
[Date "2019.03.10"]
[Round "7.5"]
[White "Melmer, Felix"]
[Black "Matthes, Severin Johannes"]
[Result "0-1"]
[WhiteElo "1842"]
[BlackElo "1811"]
[PlyCount "136"]
[EventDate "2019.??.??"]

1. c4 Nf6 2. Nc3 g6 3. g3 Bg7 4. Bg2 d6 5. Nf3 e5 6. O-O O-O 7. d3 Nc6 8. Rb1
Be6 9. b4 Qd7 10. b5 Nd8 11. Ng5 h6 12. Nxe6 fxe6 13. Qb3 a5 14. Bb2 Rc8 15.
Na4 b6 16. Rbd1 Qf7 17. Bh3 g5 18. Bg2 Qh5 19. e3 g4 20. f4 gxf3 21. Bxf3 Ng4
22. Bxg4 Rxf1+ 23. Rxf1 Qxg4 24. e4 Nf7 25. Qd1 Qg6 26. Nc3 h5 27. Bc1 Bh6 28.
Kg2 Rf8 29. Ne2 Bxc1 30. Qxc1 Qg4 31. Ng1 h4 32. Qe3 Ng5 33. Rxf8+ Kxf8 34. h3
Qxg3+ 35. Qxg3 hxg3 36. Kxg3 Kg7 37. Kg4 Kh6 38. Ne2 Nh7 39. Ng3 Nf6+ 40. Kh4
Kg6 41. Ne2 Nh5 42. Kg4 Kh6 43. d4 Nf6+ 44. Kf3 Nh7 45. dxe5 dxe5 46. Ng3 Nf6
47. h4 Nd7 48. Nf1 Nc5 49. Nd2 Nd3 50. Kg4 Nb4 51. a3 Nc2 52. a4 Ne3+ 53. Kf3
Nd1 54. c5 Nb2 55. cxb6 cxb6 56. Ke3 Kh5 57. Nf3 Nxa4 58. Nxe5 Nc5 59. Nc4 Nd7
60. Kf4 Kxh4 61. Nb2 Kh5 62. Na4 Kh6 63. e5 Kg6 64. Ke4 Kg5 65. Nb2 Nc5+ 66.
Kd4 Kf4 67. Nc4 Nd7 68. Kc3 Ke4 0-1

[Event "SW Oberhausen 1 - SC Gerthe - Werne 1"]
[Site "Verbandsklasse - Gruppe 2 201"]
[Date "2019.03.10"]
[Round "7.6"]
[White "Matthies, Jochen"]
[Black "Meise, Ulrich"]
[Result "1-0"]
[WhiteElo "1799"]
[BlackElo "1817"]
[PlyCount "103"]
[EventDate "2019.??.??"]

1. d4 d5 2. Nf3 Nf6 3. e3 e6 4. Nbd2 c5 5. b3 Nc6 6. Bb2 Bd6 7. a3 O-O 8. Bd3
Re8 9. Ne5 cxd4 10. exd4 Qb6 11. Nxc6 bxc6 12. O-O e5 13. dxe5 Bxe5 14. Bxe5
Rxe5 15. Nf3 Re8 16. h3 h6 17. Re1 Ba6 18. Rxe8+ Rxe8 19. Qf1 Bxd3 20. Qxd3 c5
21. a4 Qc7 22. Rd1 c4 23. bxc4 dxc4 24. Qf5 Re2 25. Rd2 Re8 26. c3 Rb8 27. g3
Qc6 28. Qf4 Re8 29. a5 a6 30. Rd4 Re4 31. Rxe4 Nxe4 32. Nd4 Qd5 33. Nf5 Qd3 34.
Qg4 g6 35. Nxh6+ Kg7 36. Nf5+ Kf6 37. Ne3 Ke7 38. Qf4 Nxc3 39. Qxc4 Qb1+ 40.
Kg2 Qb7+ 41. Kh2 Ne4 42. Nd5+ Kd6 43. Qxe4 Qxd5 44. Qxd5+ Kxd5 45. g4 g5 46.
Kg3 Ke5 47. f4+ Kf6 48. fxg5+ Kxg5 49. h4+ Kg6 50. Kf4 Kf6 51. h5 Kg7 52. Kf5
1-0